00678nam a2200241 a 4500001001300000003000900013005001700022008004100039020000800080082001300088100001500101245003900116260003400155300000800189500003500197505003100232650001900263700001500282902000800297942000700305952010900312999001500421nice12345678IN_TiNIC20260116011509.0050524s1967 dela grp 000 0 eng  ac000a947bKEE aKeep, John aAchievements of Russian Revolution aDelhibNational Academyc1967 a31p aincludes index and biblioraphy2 alight of islam series no.4 aHistory-Russia1 aKeep, John bSRS cBK 001040708StackRoom-aHMIbHMId2005-05-24g0.00l0o947 KEEp03485r2005-05-24v0.00w2005-05-24yBK c2046d2046